Country counsel (Record no. 66986)
[ view plain ]
| 000 -LEADER | |
|---|---|
| fixed length control field | 00710cam a2200217 4500 |
| 001 - CONTROL NUMBER | |
| control field | ABS64062 |
| 008 - FIXED-LENGTH DATA ELEMENTS--GENERAL INFORMATION | |
| fixed length control field | 000000n2001 000 0 eng u |
| 035 ## - SYSTEM CONTROL NUMBER | |
| System control number | (Sirsi) u112549 |
| 100 ## - MAIN ENTRY--PERSONAL NAME | |
| Personal name | Hamson, L |
| 245 ## - TITLE STATEMENT | |
| Title | Country counsel |
| 260 ## - PUBLICATION, DISTRIBUTION, ETC. | |
| Date of publication, distribution, etc. | 2001 |
| 490 ## - SERIES STATEMENT | |
| Series statement | Property Week |
| Volume/sequential designation | 66(18) 4 May 2001, 36-37(2) |
| 520 ## - SUMMARY, ETC. | |
| Summary, etc. | Interview with the RICS president-in-waiting, rural surveyor Peter Faulkner. Outlines Faulkner's career to date, his preparations for taking on the presidency and his perspective on the foot and mouth crisis. |
| 590 ## - LOCAL NOTE (RLIN) | |
| Local note | ABS |
| 650 ## - SUBJECT ADDED ENTRY--TOPICAL TERM | |
| Topical term or geographic name entry element | RICS |
| 650 ## - SUBJECT ADDED ENTRY--TOPICAL TERM | |
| Topical term or geographic name entry element | RICS PRESIDENT |
| 650 ## - SUBJECT ADDED ENTRY--TOPICAL TERM | |
| Topical term or geographic name entry element | RURAL ECONOMY |
| 650 ## - SUBJECT ADDED ENTRY--TOPICAL TERM | |
| Topical term or geographic name entry element | FOOT-AND-MOUTH DISEASE |
| 690 ## - LOCAL SUBJECT ADDED ENTRY--TOPICAL TERM (OCLC, RLIN) | |
| Topical term or geographic name as entry element | RICS NEWS |
| 942 ## - ADDED ENTRY ELEMENTS (KOHA) | |
| Suppress in OPAC | 0 |
| Withdrawn status | Lost status | Source of classification or shelving scheme | Damaged status | Not for loan | Home library | Current library | Shelving location | Date acquired | Total Checkouts | Full call number | Barcode | Date last seen | Copy number | Price effective from | Koha item type |
|---|---|---|---|---|---|---|---|---|---|---|---|---|---|---|---|
| Dewey Decimal Classification | London | London | Journal article | 14/05/2001 | ABS64062 | 112549-1001 | 06/08/2019 | 1 | 06/08/2019 | Journal article |